The history of India : (Record no. 22797)
[ view plain ]
| 000 -LEADER | |
|---|---|
| fixed length control field | 00831cam a2200253u 4500 |
| 001 - CONTROL NUMBER | |
| control field | 9874773 |
| 003 - CONTROL NUMBER IDENTIFIER | |
| control field | BDDh-ASL |
| 005 - DATE AND TIME OF LATEST TRANSACTION | |
| control field | 20231015030146.0 |
| 008 - FIXED-LENGTH DATA ELEMENTS--GENERAL INFORMATION | |
| fixed length control field | 821001s1953 ii 000 0 eng |
| 010 ## - LIBRARY OF CONGRESS CONTROL NUMBER | |
| LC control number | sa 66005343 |
| 040 ## - CATALOGING SOURCE | |
| Original cataloging agency | DLC |
| Transcribing agency | CarP |
| Modifying agency | DLC |
| -- | BDDh-ASL |
| 050 00 - LIBRARY OF CONGRESS CALL NUMBER | |
| Classification number | DS461.1 |
| Item number | .E43 1953 |
| 082 ## - DEWEY DECIMAL CLASSIFICATION NUMBER | |
| Classification number | 954 |
| Item number | ELH |
| 100 1# - MAIN ENTRY--PERSONAL NAME | |
| Personal name | Elliot, H. M. |
| Fuller form of name | (Henry Miers), |
| Titles and words associated with a name | Sir, |
| Dates associated with a name | 1808-1853. |
| 245 14 - TITLE STATEMENT | |
| Title | The history of India : |
| Statement of responsibility, etc. | as told by its own historians : the Muhammadan period / |
| 250 ## - EDITION STATEMENT | |
| Edition statement | [2d ed.] |
| 260 ## - PUBLICATION, DISTRIBUTION, ETC. | |
| Place of publication, distribution, etc. | Calcutta: |
| Name of publisher, distributor, etc. | Susil Gupta |
| Date of publication, distribution, etc. | [1953] |
| 300 ## - PHYSICAL DESCRIPTION | |
| Extent | 168 p. : |
| Dimensions | 18 cm. |
| 600 00 - SUBJECT ADDED ENTRY--PERSONAL NAME | |
| Personal name | Babur, |
| Titles and other words associated with a name | Emperor of Hindustan, |
| Dates associated with a name | 1483-1530. |
| 600 00 - SUBJECT ADDED ENTRY--PERSONAL NAME | |
| Personal name | Humayun, |
| Titles and other words associated with a name | Emperor of Hindustan, |
| Dates associated with a name | 1508-1556. [from old catalog] |
| 740 0# - ADDED ENTRY--UNCONTROLLED RELATED/ANALYTICAL TITLE | |
| Uncontrolled related/analytical title | Bahar and Humayun. |
| 906 ## - LOCAL DATA ELEMENT F, LDF (RLIN) | |
| a | 0 |
| b | cbc |
| c | premunv |
| d | u |
| e | ncip |
| f | 19 |
| g | y-gencatlg |
| 942 ## - ADDED ENTRY ELEMENTS (KOHA) | |
| Source of classification or shelving scheme | Dewey Decimal Classification |
| Koha item type | Books |
| Withdrawn status | Lost status | Source of classification or shelving scheme | Damaged status | Not for loan | Collection code | Home library | Current library | Shelving location | Date acquired | Source of acquisition | Total Checkouts | Full call number | Barcode | Date last seen | Copy number | Price effective from | Koha item type | Public note |
|---|---|---|---|---|---|---|---|---|---|---|---|---|---|---|---|---|---|---|
| Dewey Decimal Classification | Damaged | Not For Loan | Non-fiction | Asiatic Society Library | Asiatic Society Library | General Stacks | 03/06/2021 | ASB Library Collections | 954 ELH | 107105 | 03/06/2021 | C-1 | 03/06/2021 | Books | RARE |